000 00419nam a2200205Ia 4500
001 001668
003 YMCAF
005 20230512160111.0
008 100717s1971 ||||||||||||||||| ||und|d
024 _a1668
035 _a1649
040 _aYMCAF
_beng
_cIN-KoLT
041 _aeng
082 _aAUT-CRO6
100 _aCROUSE W.
245 0 _aAUTOMATIVE MECH.
260 _c1971
300 _a548
942 _2ddc
_cBK
999 _c1348
_d1348